Prueba de Siria - Estadísticas

Estadísticas generales
  • Esta prueba ha sido intentada 784 veces
  • La puntuación promedio es 11 de 20
Estadísticas de respuestas
Pista Respuesta % Correcto
Idioma oficial Árabe
97%
Capital de Siria Damasco
97%
Nombra cualquiera de los dos países que han apoyado al gobierno de Siria durante la actual Guerra Civil Irán | Rusia
89%
País con el que Siria comparte su frontera más larga Turquía
86%
Imperio que controló Siria de 1516 a 1918 Otomano
85%
El cuerpo de agua que limita con Siria Mar Mediterraneo
79%
País europeo que tuvo un "mandato" para supervisar a Siria de 1924 a 1946 Francia
77%
País con el que Siria estuvo unida de 1958 a 1961, formando la "República Árabe Unida" Egipto
61%
Río que fluye a través de gran parte de Siria en su camino hacia el Golfo Pérsico Éufrates
58%
La ciudad más poblada Alepo
54%
El área que Israel tomó de Siria durante la Guerra de los Seis Días Altos del {Golán}
51%
"Califato" que controlaba una cantidad importante de territorio en Siria durante el decenio de 2010 EIIL
50%
Región, empezando con L, de la que Siria forma parte {Levante} mediterráneo
50%
El antiguo reino mesopotámico del que Siria toma su nombre Asiria
47%
Líder de Siria desde 1971 hasta 2024 Bashar al-Ásad
44%
En la antigüedad, Siria formaba parte de esta zona, también conocida como la "cuna de la civilización" Media Luna {Fértil}
25%
El partido político de ese líder Baaz
24%
La tercera ciudad más grande, antes conocida como Emesa Homs
24%
Moneda de Siria Libra siria
23%
Rama minoritaria del Islam a la que pertenece la clase dirigente de Siria (comienza con A) Alauismo
20%
No se encontraron pruebas coincidentes
Distribución de puntuación
Porcentaje de gente con cada puntuación
Porcentaje por número respondido
Historial de tus puntuaciones
No has intentado esta prueba.